|
|
|
|
| LEADER |
00000ny a22000003n 4500 |
| 005 |
20110512111212.0 |
| 008 |
19uu25c19uu9999us a p s a eng d |
| 022 |
|
|
|a 1042-4032
|
| 035 |
|
|
|a 3196
|
| 040 |
|
|
|a BUS
|d vLex
|
| 090 |
|
|
|c 1746
|d 1746
|
| 245 |
3 |
4 |
|a The International journal of humanities and peace[
|h [Recurso electrn̤ico]
|
| 246 |
3 |
|
|a IJHP Annual
|
| 246 |
3 |
|
|a The International Journal of Humanities and Peace: synergy - synthesis - transformation
|
| 256 |
|
|
|a Servicio en ln̕ea
|
| 260 |
|
|
|a Flagstaff, Ariz. :
|b International Journal of Humanities and Peace
|
| 310 |
|
|
|a Anual
|
| 506 |
1 |
|
|a Contenido solo disponible en los productos indicados
|d vLex Global
|d vLex Global (Academic Edition, excluding Law Schools)
|d vLex Global (Academic Edition, Law Schools)
|
| 650 |
0 |
4 |
|a Ciencias sociales
|x Publicaciones perid̤icas
|
| 650 |
0 |
4 |
|a Sociologa̕
|x Publicaciones perid̤icas
|
| 740 |
0 |
|
|a vLex Revista (Servicios en ln̕ea)
|
| 843 |
|
|
|a Electrn̤ica. Cerrada.
|
| 853 |
|
|
|8 1
|i (year)
|j (month)
|k (day)
|
| 856 |
4 |
0 |
|z Acceso restringido
|u http://vlex.com/account/login_ip?fuente_id=3196
|
| 942 |
|
|
|c REV
|